SICK JOKES (Record no. 365098)

MARC details
000 -LEADER
fixed length control field 00324nam a2200145Ia 4500
008 - FIXED-LENGTH DATA ELEMENTS--GENERAL INFORMATION
fixed length control field 100122s9999 xx 000 0 und d
082 ## - DEWEY DECIMAL CLASSIFICATION NUMBER
Item number 16162
Classification number 808.88
100 ## - MAIN ENTRY--PERSONAL NAME
Personal name RESWIN MAX
245 ## - TITLE STATEMENT
Title SICK JOKES
260 ## - PUBLICATION, DISTRIBUTION, ETC. (IMPRINT)
Name of publisher, distributor, etc POCKET BOOKS
Date of publication, distribution, etc 1967
300 ## - PHYSICAL DESCRIPTION
Extent 250
630 ## - SUBJECT ADDED ENTRY--UNIFORM TITLE
Uniform title SICK JOKES
730 ## - ADDED ENTRY--UNIFORM TITLE
Uniform title SICK JOKES
942 ## - ADDED ENTRY ELEMENTS (KOHA)
Koha item type Book
Holdings
Withdrawn status Lost status Damaged status Not for loan Home library Current library Date acquired Cost, normal purchase price Total Checkouts Full call number Barcode Date last seen Cost, replacement price Price effective from Koha item type Public note
        S.V. Pathak Library, Vile Parle S.V. Pathak Library, Vile Parle 04/24/1970 4.00   16162 SVPPARLE-16162 01/25/2010 4.00 01/25/2010 Book "7)रद्द, , General, Cancelled"